000 00316nam a22001217a 4500
005 20250529173459.0
008 250529b |||||||| |||| 00| 0 eng d
100 _aJABAY, EARL
245 _aSEARCH FOR IDENTITY
260 _aCALIFORNIA
_bRONALD N. HAYNES PUBLISHERS, INC.
_cc1981
300 _a190P
942 _2lcc
_cBK
_n0
999 _c6053
_d6053